ბათუმის შოთა რუსთაველის სახელმწიფო უნივერსიტეტის ბიბლიოთეკა

Инвестиции: Терминологический словарь (ბიბ.ჩანაწერი № 36953)

000 -LEADER
fixed length control field 00829nam a2200241Ia 4500
001 - CONTROL NUMBER
control field 2904
003 - CONTROL NUMBER IDENTIFIER
control field GE_BSU
008 - FIXED-LENGTH DATA ELEMENTS--GENERAL INFORMATION
fixed length control field 181216s||||||||xx |||||||||||||| ||und||
020 ## - INTERNATIONAL STANDARD BOOK NUMBER
International Standard Book Number 5862254250
040 ## - CATALOGING SOURCE
Transcribing agency GE_BSU
080 ## - UNIVERSAL DECIMAL CLASSIFICATION NUMBER
Universal Decimal Classification number 33(038)=03.20
100 ## - MAIN ENTRY--PERSONAL NAME
Personal name Розенберг Д.М.
245 ## - TITLE STATEMENT
Title Инвестиции: Терминологический словарь
245 ## - TITLE STATEMENT
Remainder of title Dictionary of investing. Библиотека словарей "Инфра-М" |
245 ## - TITLE STATEMENT
Statement of responsibility, etc. научный редактор М.А. Портной. перевод английского А.М. Волков, А.В. Щедрин
260 ## - PUBLICATION, DISTRIBUTION, ETC.
Place of publication, distribution, etc. Москва
260 ## - PUBLICATION, DISTRIBUTION, ETC.
Name of publisher, distributor, etc. ИНФРА-М
260 ## - PUBLICATION, DISTRIBUTION, ETC.
Date of publication, distribution, etc. 1997
300 ## - PHYSICAL DESCRIPTION
Extent 400 с. 24 см.
653 ## - INDEX TERM--UNCONTROLLED
Uncontrolled term Терминологический словарь
942 ## - ADDED ENTRY ELEMENTS (KOHA)
Koha item type წიგნი
ეგზემპლარები
Withdrawn status Lost status Damaged status Not for loan Date acquired Barcode Date last seen Price effective from Koha item type Public note
        2018-12-17 7835 2018-12-17 2018-12-17 წიგნი დარბაზი
        2018-12-17 7836 2018-12-17 2018-12-17 წიგნი დარბაზი
        2018-12-17 8182 2018-12-17 2018-12-17 წიგნი დარბაზი
        2018-12-17 8183 2018-12-17 2018-12-17 წიგნი დარბაზი